[Event "NZL-ch op-B 130th"]
[Site "Wellington"]
[Date "2023.01.02"]
[Round "1"]
[White "Yue, Annie"]
[Black "Barnett Harris, Lucas"]
[Result "0-1"]
[WhiteElo "1425"]
[BlackElo "1769"]
[PlyCount "88"]
[EventDate "2023.01.02"]
[EventType "swiss"]
[EventRounds "9"]
[EventCountry "NZL"]
[SourceTitle "CBM 212 Extra"]
[Source "ChessBase"]
[SourceDate "2023.03.31"]
[SourceVersion "1"]
[SourceVersionDate "2023.03.31"]
[SourceQuality "1"]

1. e4 c5 2. Nf3 Nc6 3. d4 cxd4 4. Nxd4 e6 5. Nc3 Bb4 6. Qd3 a6 7. a3 Ba5 8. Nb3 Bc7 9. g3 Nge7 10. Bg2 b6 11. Be3 Bb7 12. Rd1 d6 13. 0-0 Ne5 14. Qe2 b5 15. Bf4 Nc4 16. Rb1 0-0 17. Nd2 Nb6 18. Nf3 d5 19. Bxc7 Qxc7 20. exd5 Nexd5 21. Nxd5 Bxd5 22. b3 Rac8 23. Rfc1 Qb7 24. Qd3 h6 25. c4 Be4 26. Ne1 Bxd3 27. Bxb7 Bxb1 28. Rxb1 Rb8 29. Bxa6 bxc4 30. bxc4 Nd7 31. Bb5 Ne5 32. a4 Nxc4 33. Rb3 Nd6 34. Nd3 Rfc8 35. Kf1 f6 36. Nf4 Nxb5 37. axb5 Rc5 38. b6 Rc6 39. b7 Kf7 40. Kg2 Rc7 41. Rb6 Rcxb7 42. Rxe6 g5 43. Re4 gxf4 44. Rxf4 Rb4 0-1